| 000 | 00806nam a2200241Ia 4500 | ||
|---|---|---|---|
| 003 | OSt | ||
| 005 | 20220923220952.0 | ||
| 006 | a|||||r|||| 00| 0 | ||
| 007 | ta | ||
| 008 | 220922b |||||||| |||| 00| 0 hin d | ||
| 024 | _a192,956 | ||
| 037 | _cTextual | ||
| 040 |
_aARTS _cARTS _bhin |
||
| 041 |
_2hin _ahin |
||
| 082 | _aV2:1:M, 152F5;M1 | ||
| 100 | _aसावरकर, विनायंक दामोदर | ||
| 245 | 0 | _aहिन्दु पद पादशाही | |
| 246 | _aHindu pad pādashāhī | ||
| 260 |
_aनई दिल्ली _b राजधानी ग्रंथागार _c1981 |
||
| 300 |
_a298पृ. _ccm. |
||
| 942 |
_hV2:1:M, 152F5;M1 _cTEXL _2CC |
||
| 999 |
_c345477 _d345477 |
||